Statistics for UEFA Champions league runners up

Click here to take the quiz!

General Stats

  • This quiz has been taken 301 times
    (70 since last reset)
  • The average score is 51 of 68

Answer Stats

SeasonRunner up% Correct
2017-18Liverpool
98%
2021-22Liverpool
98%
1984-85Liverpool
98%
2006-07Liverpool
98%
2022-23Inter Milan
97%
1966-67Inter Milan
97%
1971-72Inter Milan
97%
2020-21Manchester City
97%
2008-09Manchester United
97%
2010-11Manchester United
97%
2007-08Chelsea
95%
2015-16Atlético Madrid
92%
2013-14Atlético Madrid
92%
1973-74Atlético Madrid
92%
1998-99Bayern Munich
92%
1986-87Bayern Munich
92%
2011-12Bayern Munich
92%
2009-10Bayern Munich
92%
1981-82Bayern Munich
92%
2012-13Borussia Dortmund
92%
2019-20PSG
92%
1997-98Juventus
90%
1982-83Juventus
90%
1996-97Juventus
90%
2002-03Juventus
90%
2016-17Juventus
90%
1972-73Juventus
90%
2014-15Juventus
90%
2018-19Tottenham Hotspur
89%
1993-94Barcelona
87%
1960-61Barcelona
87%
1985-86Barcelona
87%
2005-06Arsenal
85%
1989-90Benfica
85%
1964-65Benfica
85%
1987-88Benfica
85%
1962-63Benfica
85%
1967-68Benfica
85%
1963-64Real Madrid
85%
1980-81Real Madrid
85%
1961-62Real Madrid
85%
1994-95Milan
84%
1992-93Milan
84%
1957-58Milan
84%
2004-05Milan
84%
1995-96Ajax
79%
1968-69Ajax
79%
1990-91Marseille
77%
2003-04Monaco
68%
1999-00Valencia
66%
2000-01Valencia
66%
1969-70Celtic
60%
1983-84Roma
60%
1979-80Hamburg
52%
2001-02Bayer Leverkusen
42%
1958-59Stade de Reims
40%
1955-56Stade de Reims
40%
1956-57Fiorentina
37%
1974-75Leeds
34%
1959-60Eintracht Frankfurt
32%
1978-79Malmo
31%
1991-92Sampdoria
29%
1975-76Saint-Etienne
27%
1977-78Club Brugge
26%
1965-66Partizan
24%
1976-77Borussia Monchengladbach
21%
1970-71Panathinaikos
19%
1988-89Steaua Bucuresti
5%

Score Distribution

Percentile by Number Answered

Percent of People with Each Score

Your Score History

You have not taken this quiz since the last reset